Strictly Come Dancing Winners Sudden Death - Statistics

General Stats
  • This quiz has been taken 134 times
  • The average score is 9 of 12
Answers on the Grid
Answers color-coded by a green-red scale on the quiz's grid according to % correct below.
Joe Sugg
Matt Dawson
Bill Bailey
Harry Judd
Christopher Parker
Chris McCausland
Hanna Karttunen
Jason Donovan
Ore Oduba
Jay McGuiness
Louis Smith
Ellie Leach
Stacey Dooley
Alesha Dixon
Denise Lewis
Lisa Snowdon
Matt Baker
Abbey Clancy
Caroline Flack
Kellie Bright
Louise Redknapp
Gemma Atkinson
Kelvin Fletcher
Tasha Ghouri
 
Answer Stats
Answer % Correct
Bill Bailey
87%
Chris McCausland
83%
Jay McGuiness
80%
Alesha Dixon
76%
Caroline Flack
76%
Stacey Dooley
76%
Ore Oduba
73%
Kelvin Fletcher
71%
Abbey Clancy
70%
Harry Judd
70%
Ellie Leach
66%
Louis Smith
65%
No matching quizzes found
Score Distribution
Percent of People with Each Score
Percentile by Number Answered
Your Score History
You have not taken this quiz